| 000 | 01680 a2200277 4500 | ||
|---|---|---|---|
| 010 | _aENG-86173 | ||
| 020 |
_a9780761935728 _c595.00 |
||
| 020 | _a9788178297330 | ||
| 035 | _aEN-69706 | ||
| 037 | _bD.B.Act / Pub | ||
| 082 | 1 | 4 | _a327.5 |
| 090 |
_c4207 _d4207 |
||
| 245 | 0 | 4 |
_aThe new Asian power dynamic _ceditor, Maharajakrishna Rasgotra. |
| 260 |
_aNew Delhi _bSage Publications _c2007. |
||
| 300 |
_a307 p. _c23 cm. (Hb) |
||
| 500 | _aThe new Asian power dynamic / Maharajakrishna Rasgotra -- The strength of weakness : the context and construction of Chinese foreign policy / Alka Acharya -- China's military modernization and its implications for Asian security / Gurmeet Kanwal -- Chinese perceptions of the US : tactical friendship and strategic suspicions / D.S. Rajan -- US perceptions of China : persisting doubts / D.S. Rajan -- Economic relations between the US and two Asian giants / Jayshree Sengupta -- New directions in India-US relations / Harinder Sekhon -- India-China relations since 1988 / D.S. Rajan -- India-China relations : agreements signed (2000-2005) / Pushpita Das -- Japan in Asian security / Arjun Asrani -- Russia-US relations : impact on Asia's strategic stability / M.K. Bhadrakumar -- Overview and conclusions / K. Raghunath. | ||
| 500 | _aIncludes index. | ||
| 650 | 0 |
_aPower (Social sciences) _zAsia. |
|
| 651 | 0 |
_aAsia _xForeign relations. |
|
| 651 | 0 |
_aAsia _xForeign relations |
|
| 651 | 0 |
_aUnited States _xForeign relations |
|
| 700 | 1 | _aRasgotra, M. | |
| 710 | 2 | _aObserver Research Foundation. | |
| 942 |
_adpl _cEN _k327.5 / NEW |
||
| 999 |
_c4124 _d4124 |
||